000 01989nam a2200265Ia 4500
999 _c37676
_d37676
003 Ge_BSU
005 20190625202535.0
008 181216s2007||||ge |||||||||||||| ||geo||
041 _ageo
080 _a502.4(479.22)+796.5(479.22)(035)+39(=353.1) მ–59
100 _aმეტრეველი, მარინა
_9828
245 _aკახეთი = Кахетия = Kakheti : ვაშლოვანისა და ლაგოდეხის დაცული ტერიტორიები :
_bმიმდებარე ტერიტორიების ადგილობრივი მოსახლეობის წეს-ჩვეულებებისა და მათთან ურთიერთობის ცნობარი ტურისტებისათვის /
_cმარინა მეტრეველი ; მთარგმნ.: ეკა კიკვაძე, თეა დოლიძე ; რედ.: ავთანდილ არაბული, მარინა მეტრეველი ; ფოტ. ავთანდილ მეტრეველი.
250 _aპირველი გამოცემა
264 _aთბილისი,
_c2007.
300 _a79 გვ. :
_b ილ. ;
_c22 სმ.
653 _aკახეთი
653 _aნაკრძალები საქართველოში
653 _aქართველების ეთნოგრაფია
700 _aკიკვაძე, ეკა
_eმთარგმნელი
_92921
700 _aდოლიძე, თეა
_eმთარგმნელი
_92922
700 _aარაბული, ავთანდილ
_eრედაქტორი
_9316
700 _aმეტრეველი, მარინა
_eრედაქტორი
_9828
700 _aმეტრეველი, ავთანდილ
_eმხატვარი
_92923
942 _cBK
_2udc